| 000 | 00753 a2200217 4500 | ||
|---|---|---|---|
| 010 | _aENG-89901 | ||
| 020 |
_a8180901638 _c450.00 |
||
| 035 | _aEN-73434 | ||
| 037 | _bDBAD / PUB | ||
| 082 | 1 | 4 | _a230.31 |
| 090 |
_c11936 _d11936 |
||
| 100 | 1 | _a Premananda Bharati, Swami Baba | |
| 245 | 1 |
_aSri Krsna: _bthe lord of love/ _cby Swami Baba Premananda Bharati |
|
| 250 | _arev. ed | ||
| 260 |
_aDelhi _bBharatiya Kala Prakashan _c2007 |
||
| 270 |
_a3421-A, IInd Floor, Narang Colony, Tri Nagar _bDelhi _cDelhi _e110035 _k27393083, 30967505 |
||
| 300 |
_axxviii, 295p. _c21 cm. (Hb) |
||
| 500 | _aIncludes index. | ||
| 942 |
_adpl _cEN _k230.31/ BHA |
||
| 999 |
_c11582 _d11582 |
||